La Diputació revolucionària : 1868-1874 / Maricio Janué ... [et al.] 1868-1874 / Maricio Janué ... [et al.]
ISBN:
84-7794-906-9
Descripción Física:
221 p. : il. col. ; 30 cm
Otros Autores:
Janué i Miret, Mauricio
MARC
| LEADER | 00000nam a2200000Ia 4500 | ||
|---|---|---|---|
| 001 | 15278 | ||
| 008 | 160829s2003 xx 000 0 cat d | ||
| 020 | |a 84-7794-906-9 | ||
| 080 | |a H-2-208 | ||
| 245 | |a La Diputació revolucionària : |b 1868-1874 / Maricio Janué ... [et al.] | ||
| 260 | |a [Barcelona] : |b Diputació de Barcelona, |c 2003 | ||
| 300 | |a 221 p. : |b il. col. ; |c 30 cm | ||
| 590 | |a Notes. | ||
| 590 | |a Referències bibliogràfiques. | ||
| 590 | |a Índex de biografies de diputats de la Diputació de Barcelona, 1868-1874. | ||
| 590 | |a S'ha utilitzat el fons de l'Arxiu General de la Diputació de Barcelona. | ||
| 590 | |a Hi ha un duplicat a: DUP-69 | ||
| 610 | 0 | |a Barcelona (Catalunya : Província). |b Diputació |x Història |9 10583 | |
| 650 | |a Catalunya |x Història |x 1868/1874, Sexenni democràtic |9 39610 | ||
| 650 | |a Barcelona. Diputació |x Diputats |x 1868/1874 |9 39611 | ||
| 700 | 1 | |a Janué i Miret, Mauricio |9 39612 | |
| 901 | |a Arxiu | ||
| 942 | |n 1 | ||
| 952 | |0 0 |1 0 |4 0 |6 H2208 |7 1 |9 49118 |a Arxiu |b Arxiu |d 2016-12-01 |l 0 |o H-2-208 |p 15278 |r 2016-12-01 00:00:00 |w 2016-12-01 |y ARXIU | ||
| 999 | |c 52956 |d 52956 | ||